[Event "Pula op 29th"]
[Site "Pula"]
[Date "2015.06.16"]
[Round "5"]
[White "Kreyssig, Robert"]
[Black "Doric, Nenad"]
[Result "1/2-1/2"]
[WhiteElo "2166"]
[BlackElo "2308"]
[PlyCount "42"]
[EventDate "2015.06.13"]
[EventType "swiss"]
[EventRounds "9"]
[EventCountry "CRO"]
[SourceTitle "CBM 167 Extra"]
[Source "ChessBase"]
[SourceDate "2015.09.14"]
[SourceVersion "1"]
[SourceVersionDate "2015.09.14"]
[SourceQuality "1"]

1. d4 d5 2. c4 c6 3. Nc3 Nf6 4. e3 e6 5. Nf3 Nbd7 6. Qc2 b6 7. Be2 Bb7 8. 0-0 Be7 9. b3 0-0 10. Bb2 Rc8 11. Rfd1 Qc7 12. Rac1 Qb8 13. e4 dxe4 14. Nxe4 c5 15. Ng3 cxd4 16. Nxd4 Rfd8 17. Bf3 Nf8 18. Qe2 Ng6 19. Bxb7 Qxb7 20. Qf3 Qxf3 21. Nxf3 Kf8 1/2-1/2

[Event "Oberliga Ost-A 1415"]
[Site "Germany"]
[Date "2015.04.12"]
[Round "11.3"]
[White "Kreyssig, Robert"]
[Black "Liebert, Heinz"]
[Result "1/2-1/2"]
[WhiteElo "2101"]
[BlackElo "2240"]
[PlyCount "45"]
[EventDate "2014.09.21"]
[EventType "team-tourn"]
[EventRounds "11"]
[EventCountry "GER"]
[SourceTitle "EXT 2016"]
[Source "ChessBase"]
[SourceDate "2015.10.08"]
[SourceVersion "1"]
[SourceVersionDate "2015.10.08"]
[SourceQuality "1"]
[WhiteTeam "Leipzig SG II"]
[BlackTeam "Halle Volksbank"]
[WhiteTeamCountry "GER"]
[BlackTeamCountry "GER"]

1. d4 Nf6 2. c4 e6 3. Nc3 Bb4 4. f3 d5 5. a3 Be7 6. e4 dxe4 7. fxe4 e5 8. Nf3 exd4 9. Nxd4 0-0 10. Be2 Bc5 11. Nb3 Qxd1+ 12. Kxd1 Bd6 13. Bg5 Be5 14. Bxf6 Bxf6 15. Nd5 Be5 16. Ne7+ Kh8 17. Nxc8 Rxc8 18. Kc2 Nc6 19. Rad1 Rd8 20. Rd5 f6 21. h3 Ne7 22. Rxd8+ Rxd8 23. Rd1 1/2-1/2

[Event "Oberliga Ost-A 1415"]
[Site "Germany"]
[Date "2015.01.18"]
[Round "7.4"]
[White "Pfretzschner, Roland"]
[Black "Kreyssig, Robert"]
[Result "1-0"]
[WhiteElo "2255"]
[BlackElo "2101"]
[PlyCount "45"]
[EventDate "2014.09.21"]
[EventType "team-tourn"]
[EventRounds "11"]
[EventCountry "GER"]
[SourceTitle "EXT 2016"]
[Source "ChessBase"]
[SourceDate "2015.10.08"]
[SourceVersion "1"]
[SourceVersionDate "2015.10.08"]
[SourceQuality "1"]
[WhiteTeam "Plauen Koenig"]
[BlackTeam "Leipzig SG II"]
[WhiteTeamCountry "GER"]
[BlackTeamCountry "GER"]

1. e4 c5 2. Nf3 e6 3. d4 cxd4 4. Nxd4 a6 5. Nc3 Qc7 6. g3 Bb4 7. Bd2 Nf6 8. Bg2 Nc6 9. Nb3 Be7 10. 0-0 0-0 11. g4 d6 12. g5 Nd7 13. Qh5 Nce5 14. Rad1 b5 15. f4 Nc4 16. Bc1 Bb7 17. Rd3 b4 18. Rh3 h6 19. Ne2 Nc5 20. Nxc5 Qxc5+ 21. Kh1 Rfd8 22. b3 Na3 23. f5 1-0

[Event "Oberliga Ost-A 1415"]
[Site "Germany"]
[Date "2015.01.17"]
[Round "6.4"]
[White "Kreyssig, Robert"]
[Black "Haessler, Wolfgang"]
[Result "1/2-1/2"]
[WhiteElo "2101"]
[BlackElo "2268"]
[PlyCount "106"]
[EventDate "2014.09.21"]
[EventType "team-tourn"]
[EventRounds "11"]
[EventCountry "GER"]
[SourceTitle "EXT 2016"]
[Source "ChessBase"]
[SourceDate "2015.10.08"]
[SourceVersion "1"]
[SourceVersionDate "2015.10.08"]
[SourceQuality "1"]
[WhiteTeam "Leipzig SG II"]
[BlackTeam "Aue Nickelhuette II"]
[WhiteTeamCountry "GER"]
[BlackTeamCountry "GER"]

1. d4 d6 2. e4 Nf6 3. Nc3 e5 4. dxe5 dxe5 5. Qxd8+ Kxd8 6. Bg5 c6 7. 0-0-0+ Ke8 8. f4 Nbd7 9. Nf3 Ng4 10. Nxe5 Nf2 11. Bc4 f6 12. Nf7 Nxd1 13. Rxd1 Rg8 14. Bh4 b5 15. Nd6+ Bxd6 16. Bxg8 Bxf4+ 17. Kb1 h6 18. h3 Nc5 19. Bf2 Be6 20. Bh7 Nd7 21. Ne2 Be5 22. Bg6+ Ke7 23. Nd4 Bxd4 24. Bxd4 c5 25. Be3 Rc8 26. Bf5 Rc6 27. b4 a6 28. c3 cxb4 29. cxb4 Rc4 30. Rd4 Rc3 31. Bf4 Ne5 32. Kb2 Rc6 33. Bxe6 Kxe6 34. a3 g5 35. Bg3 h5 36. h4 gxh4 37. Bxh4 Rc4 38. Bf2 Rxd4 39. Bxd4 Nc4+ 40. Kc3 Nxa3 41. Kd3 Nc4 42. Bc3 f5 43. g3 Nd6 44. exf5+ Nxf5 45. Be1 Kd5 46. Bf2 Ke5 47. Be1 Ne7 48. Bc3+ Kf5 49. Kd4 Kg4 50. Kc5 Kxg3 51. Bf6 Ng6 52. Kb6 Nf4 53. Kxa6 Nd5 1/2-1/2

[Event "Oberliga Ost-A 1415"]
[Site "Germany"]
[Date "2014.09.21"]
[Round "1.4"]
[White "Baer, Soeren"]
[Black "Kreyssig, Robert"]
[Result "0-1"]
[WhiteElo "2069"]
[BlackElo "2101"]
[PlyCount "170"]
[EventDate "2014.09.21"]
[EventType "team-tourn"]
[EventRounds "11"]
[EventCountry "GER"]
[SourceTitle "EXT 2016"]
[Source "ChessBase"]
[SourceDate "2015.10.08"]
[SourceVersion "1"]
[SourceVersionDate "2015.10.08"]
[SourceQuality "1"]
[WhiteTeam "Chemnitz USG"]
[BlackTeam "Leipzig SG II"]
[WhiteTeamCountry "GER"]
[BlackTeamCountry "GER"]

1. d4 Nf6 2. Nf3 e6 3. g3 d5 4. Bg2 Be7 5. 0-0 0-0 6. c4 c6 7. Qc2 b6 8. b3 Bb7 9. Rd1 Nbd7 10. Nc3 Rc8 11. e4 Bb4 12. e5 Ne8 13. Bg5 Be7 14. h4 h6 15. Bf4 Nc7 16. Nh2 Re8 17. Ng4 Bf8 18. h5 Qe7 19. Rac1 Red8 20. Ne3 Nb8 21. g4 Nba6 22. Bg3 Ba8 23. Qe2 Nb8 24. cxd5 Nxd5 25. Ne4 Nxe3 26. Qxe3 Qe8 27. g5 hxg5 28. Qxg5 Kh8 29. Qg4 c5 30. h6 Bxe4 31. hxg7+ Bxg7 32. Qxe4 Rxd4 33. Rxd4 cxd4 34. Rxc8 Qxc8 35. Qxd4 Nd7 36. Be4 Nxe5 37. Bxe5 Qc1+ 38. Kh2 Qh6+ 39. Kg3 Qg5+ 40. Kf3 Bxe5 41. Qc4 Qf4+ 42. Ke2 Kg7 43. Bf3 Bd4 44. Qd3 Bc5 45. Qe4 Qf6 46. Qc2 a5 47. Qd2 Qh4 48. Kf1 Qh3+ 49. Ke2 Qh4 50. Kf1 e5 51. Bg2 Bd4 52. Bf3 f5 53. Bg2 Kg6 54. Qc2 e4 55. Qd2 Bc5 56. Qc2 Qf4 57. Qb2 e3 58. f3 Qg3 59. Qe2 Kg5 60. Qb2 Kg6 61. Qe2 Qh2 62. a3 Qe5 63. Bh3 Qa1+ 64. Qe1 Qxe1+ 65. Kxe1 Bxa3 66. Bf1 Kg5 67. Bb5 Kf4 68. Ke2 Bc5 69. Bd7 Ke5 70. Kd3 f4 71. Bb5 Kd5 72. Be8 Bb4 73. Bd7 Kc5 74. Be8 Bd2 75. Bd7 Kb4 76. Be6 b5 77. Kc2 a4 78. bxa4 Kxa4 79. Bf7 b4 80. Bc4 Bc3 81. Be2 Be5 82. Bc4 Bc7 83. Kb2 Be5+ 84. Ka2 b3+ 85. Kb1 Kb4 0-1

[Event "Oberliga Ost-A 1314"]
[Site "Germany"]
[Date "2014.04.05"]
[Round "10.7"]
[White "Schuh, Ruediger"]
[Black "Kreyssig, Robert"]
[Result "1/2-1/2"]
[WhiteElo "2106"]
[BlackElo "2085"]
[PlyCount "103"]
[EventDate "2013.10.13"]
[EventType "team-tourn"]
[EventRounds "11"]
[EventCountry "GER"]
[SourceTitle "EXT 2015"]
[Source "ChessBase"]
[SourceDate "2014.11.20"]
[SourceVersion "1"]
[SourceVersionDate "2014.11.20"]
[SourceQuality "1"]
[WhiteTeam "Hoyerswerda"]
[BlackTeam "Leipzig SG"]
[WhiteTeamCountry "GER"]
[BlackTeamCountry "GER"]

1. d4 Nf6 2. c4 c5 3. d5 b5 4. cxb5 a6 5. b6 g6 6. Nc3 Bg7 7. Nf3 0-0 8. a4 Qxb6 9. a5 Qc7 10. e4 d6 11. Nd2 e5 12. dxe6 Bxe6 13. Nc4 Nc6 14. Bf4 Qb7 15. Qd2 Nd4 16. Nxd6 Qb3 17. Bd3 Nh5 18. e5 Nxf4 19. Qxf4 Qxb2 20. Qc1 Qxc1+ 21. Rxc1 Nb3 22. Rc2 Bxe5 23. Nc4 Bxc4 24. Bxc4 Nxa5 25. Be2 Rfe8 26. Nd5 Nb3 27. Ne3 Nd4 28. Rxc5 Nxe2 29. Kxe2 Bd4 30. Ra5 Bb6 31. Ra4 a5 32. Kf3 Bxe3 33. fxe3 Re5 34. e4 Rb5 35. Rha1 Kg7 36. R1a3 Kf6 37. Kf4 Ke6 38. h4 h5 39. g3 Ra7 40. Ra2 Kd6 41. Rc4 Rc5 42. e5+ Kd5 43. Rxc5+ Kxc5 44. e6 fxe6 45. Kg5 a4 46. Kxg6 e5 47. Kxh5 e4 48. Kg4 Kd4 49. Ra3 Rg7+ 50. Kf4 Rf7+ 51. Kg4 Rg7+ 52. Kf4 1/2-1/2

[Event "GER-chT U16"]
[Site "Lingen"]
[Date "2013.12.29"]
[Round "5.2"]
[White "Ehmann, Thilo"]
[Black "Kreyssig, Robert"]
[Result "1/2-1/2"]
[WhiteElo "1965"]
[BlackElo "2047"]
[PlyCount "78"]
[EventDate "2013.12.27"]
[EventType "team-swiss"]
[EventRounds "7"]
[EventCountry "GER"]
[SourceTitle "EXT 2015"]
[Source "ChessBase"]
[SourceDate "2014.11.20"]
[SourceVersion "1"]
[SourceVersionDate "2014.11.20"]
[SourceQuality "1"]
[WhiteTeam "Sasbach"]
[BlackTeam "Leipzig"]
[WhiteTeamCountry "GER"]
[BlackTeamCountry "GER"]

1. c4 c5 2. Nc3 Nf6 3. Nf3 d5 4. cxd5 Nxd5 5. d4 Nxc3 6. bxc3 g6 7. e4 Bg7 8. Bb5+ Bd7 9. Bxd7+ Qxd7 10. 0-0 0-0 11. Rb1 Nc6 12. Be3 cxd4 13. cxd4 Rfd8 14. d5 Ne5 15. Nxe5 Bxe5 16. f4 Bg7 17. Qb3 b6 18. f5 Qd6 19. fxg6 hxg6 20. Rf3 Be5 21. Rbf1 f6 22. h4 Rac8 23. Qd1 Rc3 24. Rh3 Rxe3 25. Rxe3 Qc5 26. Qf3 Bd4 27. Rfe1 Kg7 28. Kh2 Bxe3 29. Rxe3 Qd6+ 30. Kh3 Qe5 31. Qg4 Rh8 32. Qe6 Rxh4+ 33. Kxh4 Qf4+ 34. Kh3 Qxe3+ 35. g3 Qh6+ 36. Kg2 Qd2+ 37. Kh3 Qh6+ 38. Kg2 Qd2+ 39. Kh3 Qh6+ 1/2-1/2

[Event "GER-chT U16"]
[Site "Lingen"]
[Date "2013.12.28"]
[Round "3.2"]
[White "Birnkraut, Tim"]
[Black "Kreyssig, Robert"]
[Result "1/2-1/2"]
[WhiteElo "1929"]
[BlackElo "2047"]
[PlyCount "100"]
[EventDate "2013.12.27"]
[EventType "team-swiss"]
[EventRounds "7"]
[EventCountry "GER"]
[SourceTitle "EXT 2015"]
[Source "ChessBase"]
[SourceDate "2014.11.20"]
[SourceVersion "1"]
[SourceVersionDate "2014.11.20"]
[SourceQuality "1"]
[WhiteTeam "Brackel"]
[BlackTeam "Leipzig"]
[WhiteTeamCountry "GER"]
[BlackTeamCountry "GER"]

1. e4 c5 2. c3 Nf6 3. e5 Nd5 4. d4 cxd4 5. Qxd4 e6 6. Nf3 Nc6 7. Qe4 f5 8. Qe2 Be7 9. g3 0-0 10. Bg2 a6 11. 0-0 b5 12. Nbd2 Bb7 13. Rd1 Qc7 14. Nb3 Nb6 15. Nbd4 Nxd4 16. Rxd4 Bd5 17. Bf4 Bc5 18. Rdd1 Qc6 19. Ne1 Rac8 20. Be3 Bxe3 21. Qxe3 Rc7 22. Rd4 Bxg2 23. Nxg2 Nd5 24. Qd2 Qc5 25. Rd1 Rb8 26. Nf4 Nxf4 27. Qxf4 Rbb7 28. Rd6 a5 29. Qh4 Qxe5 30. Qd8+ Kf7 31. Rxd7+ Rxd7 32. Rxd7+ Rxd7 33. Qxd7+ Kg6 34. Qd2 a4 35. h4 h6 36. b3 axb3 37. axb3 Qe4 38. Qd1 Kh7 39. Qf1 f4 40. Qxb5 fxg3 41. fxg3 Qe3+ 42. Kh2 Qxc3 43. Qc4 Qe3 44. Qc2+ Kh8 45. b4 e5 46. b5 Qd4 47. Qe2 e4 48. Kg2 Kh7 49. Kh3 Qd3 50. Qxd3 exd3 1/2-1/2

[Event "GER-chT U16"]
[Site "Lingen"]
[Date "2013.12.27"]
[Round "1.2"]
[White "Dechant, Georg"]
[Black "Kreyssig, Robert"]
[Result "1/2-1/2"]
[WhiteElo "1649"]
[BlackElo "2047"]
[PlyCount "55"]
[EventDate "2013.12.27"]
[EventType "team-swiss"]
[EventRounds "7"]
[EventCountry "GER"]
[SourceTitle "EXT 2015"]
[Source "ChessBase"]
[SourceDate "2014.11.20"]
[SourceVersion "1"]
[SourceVersionDate "2014.11.20"]
[SourceQuality "1"]
[WhiteTeam "Regensburg"]
[BlackTeam "Leipzig"]
[WhiteTeamCountry "GER"]
[BlackTeamCountry "GER"]

1. e4 c5 2. Nf3 Nc6 3. d4 cxd4 4. Nxd4 Nf6 5. Nc3 d6 6. Bg5 e6 7. Qd2 a6 8. 0-0-0 Bd7 9. f4 h6 10. Bxf6 Qxf6 11. Nxc6 Bxc6 12. Kb1 Qd8 13. Qd4 Qc7 14. Bd3 0-0-0 15. Rhe1 Rg8 16. g4 Be7 17. Qa7 Qa5 18. a3 d5 19. exd5 Bc5 20. b4 Bxa7 21. bxa5 Bxd5 22. Bh7 Rh8 23. Nxd5 Rxh7 24. Nb6+ Bxb6 25. axb6 Rxd1+ 26. Rxd1 Rh8 27. Rd3 Rf8 28. h4 1/2-1/2

[Event "GER-chT U16"]
[Site "Lingen"]
[Date "2013.12.27"]
[Round "2.2"]
[White "Kreyssig, Robert"]
[Black "Romes, Max"]
[Result "1-0"]
[WhiteElo "2047"]
[BlackElo "1899"]
[PlyCount "65"]
[EventDate "2013.12.27"]
[EventType "team-swiss"]
[EventRounds "7"]
[EventCountry "GER"]
[SourceTitle "EXT 2015"]
[Source "ChessBase"]
[SourceDate "2014.11.20"]
[SourceVersion "1"]
[SourceVersionDate "2014.11.20"]
[SourceQuality "1"]
[WhiteTeam "Leipzig"]
[BlackTeam "Sontheim/Brenz"]
[WhiteTeamCountry "GER"]
[BlackTeamCountry "GER"]

1. d4 f5 2. Nc3 d5 3. Bg5 Nf6 4. Bxf6 exf6 5. e3 c6 6. Bd3 Bd6 7. Qf3 g6 8. Nge2 Be6 9. h3 Nd7 10. g4 fxg4 11. hxg4 Bf7 12. 0-0-0 Qa5 13. e4 0-0-0 14. e5 fxe5 15. Qxf7 exd4 16. Nxd4 Rdf8 17. Qe6 Qc5 18. Nb3 Bf4+ 19. Kb1 Qxf2 20. Nxd5 Re8 21. Ne7+ Kc7 22. Bxg6 Rd8 23. Bf5 Ne5 24. Rxd8 Rxd8 25. a3 h6 26. Ng6 Qg2 27. Re1 Nxg6 28. Bxg6 Bg3 29. Qe2 Qd5 30. Rf1 Qd6 31. Rf7+ Kb6 32. Qe3+ c5 33. Rf6 1-0

[Event "Forchheim op-A 12th"]
[Site "Forchheim"]
[Date "2013.09.28"]
[Round "2"]
[White "Kreyssig, Robert"]
[Black "Meulner, Klaus"]
[Result "1/2-1/2"]
[WhiteElo "2061"]
[BlackElo "2158"]
[PlyCount "55"]
[EventDate "2013.09.27"]
[EventType "swiss"]
[EventRounds "5"]
[EventCountry "GER"]
[SourceTitle "CBM 156 Extra"]
[Source "ChessBase"]
[SourceDate "2013.10.22"]
[SourceVersion "1"]
[SourceVersionDate "2013.10.22"]
[SourceQuality "1"]

1. d4 Nf6 2. c4 e6 3. Nf3 Bb4+ 4. Nbd2 b6 5. a3 Bxd2+ 6. Qxd2 Bb7 7. g3 d5 8. cxd5 Bxd5 9. Bg2 0-0 10. 0-0 a5 11. Qc3 Ne4 12. Qc2 Nd7 13. Nd2 Nxd2 14. Bxd2 Bxg2 15. Kxg2 Nf6 16. Bc3 Qd5+ 17. f3 c5 18. e4 Qc6 19. dxc5 Qxc5 20. Qf2 Qxf2+ 21. Kxf2 Rfd8 22. Rfd1 Kf8 23. Ke3 Ke7 24. Rac1 Rxd1 25. Rxd1 Rd8 26. Rc1 Kd7 27. Rd1+ Ke7 28. Rc1 1/2-1/2

[Event "Wunsiedel op 7th"]
[Site "Wunsiedel"]
[Date "2013.05.12"]
[Round "7"]
[White "Pohl Kuemmel, Jens Uwe"]
[Black "Kreyssig, Robert"]
[Result "1/2-1/2"]
[WhiteElo "2296"]
[BlackElo "2056"]
[PlyCount "60"]
[EventDate "2013.05.09"]
[EventType "swiss"]
[EventRounds "7"]
[EventCountry "GER"]
[SourceTitle "CBM 154 Extra"]
[Source "ChessBase"]
[SourceDate "2013.06.25"]
[SourceVersion "2"]
[SourceVersionDate "2013.06.25"]
[SourceQuality "1"]

1. Nf3 Nf6 2. c4 c5 3. g3 d5 4. cxd5 Nxd5 5. Bg2 Nc6 6. Nc3 Nc7 7. d3 e5 8. 0-0 Be7 9. Nd2 0-0 10. Nc4 f6 11. f4 exf4 12. gxf4 Be6 13. Ne3 f5 14. Kh1 Rb8 15. b3 Qd4 16. Qd2 Bf6 17. Bb2 Qd7 18. Na4 b6 19. Nc4 Bd5 20. e4 Bxc4 21. bxc4 Bxb2 22. Nxb2 fxe4 23. Bxe4 Nd4 24. Rae1 Ne8 25. Nd1 Nf6 26. Bg2 Rbe8 27. Nc3 Qg4 28. Nd5 Qh4 29. Nxf6+ Qxf6 30. Be4 g6 1/2-1/2

[Event "GER-chT U16"]
[Site "Naumburg"]
[Date "2012.12.27"]
[Round "1"]
[White "Kreyssig, Robert"]
[Black "Basaran, Mehmet"]
[Result "1-0"]
[WhiteElo "2049"]
[BlackElo "1659"]
[PlyCount "67"]
[EventDate "2012.12.27"]
[EventType "team-swiss"]
[EventRounds "7"]
[EventCountry "GER"]
[SourceTitle "EXT 2014"]
[Source "ChessBase"]
[SourceDate "2013.11.20"]
[SourceVersion "1"]
[SourceVersionDate "2013.11.20"]
[SourceQuality "1"]
[WhiteTeam "Leipzig Schachgemeinschaft"]
[BlackTeam "Unterkochen"]
[WhiteTeamCountry "GER"]
[BlackTeamCountry "GER"]

1. d4 Nf6 2. c4 g6 3. Nc3 Bg7 4. e4 d6 5. f3 0-0 6. Be3 e5 7. d5 Nh5 8. Qd2 f5 9. Bd3 f4 10. Bf2 g5 11. g4 Nf6 12. c5 Nbd7 13. cxd6 cxd6 14. Nge2 a6 15. 0-0-0 b6 16. Kb1 Nc5 17. Rc1 Nfd7 18. Bc2 b5 19. h4 Bf6 20. hxg5 Bxg5 21. Rh5 h6 22. Rch1 Kg7 23. Bh4 Bxh4 24. R1xh4 Qf6 25. Qe1 Qg6 26. Qh1 Rh8 27. Nxf4 exf4 28. e5 Qxh5 29. Rxh5 Nxe5 30. g5 Nf7 31. gxh6+ Nxh6 32. Qg2+ Kf8 33. Qg6 Ra7 34. Qxd6+ 1-0

[Event "Lippe Cup A 9th"]
[Site "Lieme"]
[Date "2012.10.13"]
[Round "3"]
[White "Kreyssig, Robert"]
[Black "Henkemeier, Markus"]
[Result "1-0"]
[WhiteElo "1939"]
[BlackElo "1952"]
[PlyCount "37"]
[EventDate "2012.10.12"]
[EventType "swiss"]
[EventRounds "5"]
[EventCountry "GER"]
[SourceTitle "EXT 2014"]
[Source "ChessBase"]
[SourceDate "2013.11.20"]
[SourceVersion "1"]
[SourceVersionDate "2013.11.20"]
[SourceQuality "1"]

1. d4 d5 2. c4 c6 3. cxd5 cxd5 4. Nc3 Nc6 5. Bf4 Nf6 6. e3 e6 7. Bd3 Bd7 8. Nf3 Bb4 9. 0-0 Qa5 10. Nb5 0-0 11. a3 Be7 12. Bc7 b6 13. b4 Nxb4 14. axb4 Qxb4 15. Qe2 Bxb5 16. Bxb5 Ne4 17. Ba6 Bf6 18. Rfc1 Qe7 19. Be5 1-0

[Event "Lippe Cup A 9th"]
[Site "Lieme"]
[Date "2012.10.12"]
[Round "1"]
[White "Kreyssig, Robert"]
[Black "Klatt, Jan"]
[Result "1-0"]
[WhiteElo "1939"]
[BlackElo "2136"]
[PlyCount "103"]
[EventDate "2012.10.12"]
[EventType "swiss"]
[EventRounds "5"]
[EventCountry "GER"]
[SourceTitle "EXT 2014"]
[Source "ChessBase"]
[SourceDate "2013.11.20"]
[SourceVersion "1"]
[SourceVersionDate "2013.11.20"]
[SourceQuality "1"]

1. d4 d5 2. c4 Nc6 3. cxd5 Qxd5 4. Nf3 e5 5. Nc3 Bb4 6. Bd2 Bxc3 7. bxc3 e4 8. Ng1 f5 9. e3 Nf6 10. c4 Qf7 11. Qc2 f4 12. Ne2 fxe3 13. Bxe3 0-0 14. Ng3 Ng4 15. c5 Nb4 16. Qd2 Nxe3 17. fxe3 Nd5 18. Bc4 Be6 19. Rf1 Qg6 20. Rf2 c6 21. Bxd5 Bxd5 22. Kf1 h5 23. Kg1 h4 24. Nh1 h3 25. Raf1 Rf3 26. Rxf3 exf3 27. g3 Re8 28. Nf2 Qe6 29. Re1 Bxa2 30. Nxh3 Bd5 31. Nf4 Qe4 32. Nxd5 cxd5 33. Kf2 Qh7 34. Kxf3 Qh3 35. Ke2 Qxh2+ 36. Kd3 Qxg3 37. Ra1 Qg6+ 38. Ke2 a6 39. Rf1 Qg4+ 40. Kd3 Qe4+ 41. Ke2 Re6 42. Qd3 Qg4+ 43. Kd2 Qg2+ 44. Kc3 a5 45. Rf5 b5 46. Re5 Rxe5 47. dxe5 b4+ 48. Kb3 Kf7 49. Qf5+ Ke7 50. e6 a4+ 51. Kxa4 Qa2+ 52. Kb5 1-0

[Event "GER-chT Lands U20"]
[Site "Hannover"]
[Date "2012.10.03"]
[Round "7.2"]
[White "Powierski, Emil"]
[Black "Kreyssig, Robert"]
[Result "1/2-1/2"]
[WhiteElo "2160"]
[BlackElo "1994"]
[PlyCount "61"]
[EventDate "2012.09.29"]
[EventType "team-swiss"]
[EventRounds "7"]
[EventCountry "GER"]
[SourceTitle "CBM 150 Extra"]
[Source "ChessBase"]
[SourceDate "2012.10.19"]
[SourceVersion "1"]
[SourceVersionDate "2012.10.19"]
[SourceQuality "1"]
[WhiteTeam "Schleswig Holstein"]
[BlackTeam "Sachsen"]
[WhiteTeamCountry "GER"]
[BlackTeamCountry "GER"]

1. e4 c5 2. Nf3 Nc6 3. d4 cxd4 4. Nxd4 Nf6 5. Nc3 d6 6. Bg5 e6 7. Qd2 a6 8. 0-0-0 Bd7 9. f3 h6 10. Be3 b5 11. Nxc6 Bxc6 12. Kb1 Be7 13. Ne2 Bb7 14. Nd4 Nd7 15. Bd3 d5 16. exd5 Bxd5 17. Be2 Nf6 18. g4 Rc8 19. h4 g6 20. Rhg1 h5 21. gxh5 Nxh5 22. Bg5 Ng7 23. Bd3 Bxg5 24. hxg5 Qd6 25. Rh1 Rxh1 26. Rxh1 Nh5 27. Qe3 Qf4 28. Re1 Qxe3 29. Rxe3 Nf4 30. Be4 Rc4 31. c3 1/2-1/2

[Event "GER-ch Net qual3 U18"]
[Site "Playchess.com INT"]
[Date "2012.09.08"]
[Round "4"]
[White "Hahn, Markus"]
[Black "Kreyssig, Robert"]
[Result "1/2-1/2"]
[WhiteElo "2025"]
[BlackElo "1919"]
[PlyCount "112"]
[EventDate "2012.09.08"]
[EventType "swiss (blitz)"]
[EventRounds "7"]
[EventCountry "GER"]
[SourceTitle "CBM 150 Extra"]
[Source "ChessBase"]
[SourceDate "2012.10.19"]
[SourceVersion "1"]
[SourceVersionDate "2012.10.19"]
[SourceQuality "1"]

1. d4 Nf6 2. c4 e6 3. g3 d5 4. Nf3 c6 5. Bg2 Bb4+ 6. Bd2 Be7 7. 0-0 0-0 8. Qc2 Nbd7 9. Bf4 b6 10. Rd1 Bb7 11. Nc3 Nh5 12. Bc1 Nhf6 13. b3 Rc8 14. e4 dxe4 15. Ng5 c5 16. dxc5 Bxc5 17. Ncxe4 Nxe4 18. Bxe4 Bxe4 19. Qxe4 g6 20. Bb2 Qxg5 21. Rxd7 a5 22. Rad1 Qf5 23. Qe2 h5 24. h4 Rce8 25. Kg2 Re7 26. Rd8 Ree8 27. R8d7 Re7 28. R7d3 e5 29. Rd8 Ree8 30. R8d5 f6 31. Rd7 Re7 32. Rxe7 Bxe7 33. Qd3 Qxd3 34. Rxd3 Bc5 35. Rd7 Rf7 36. Rd8+ Rf8 37. Rd5 Kf7 38. Kf3 Ke6 39. Ke2 Re8 40. f3 Rc8 41. a3 Rc6 42. Rd1 Rd6 43. Rxd6+ Kxd6 44. Kd3 Kc6 45. Ke4 Bf2 46. g4 Bxh4 47. gxh5 gxh5 48. Kf5 Bg5 49. b4 h4 50. Kg4 axb4 51. axb4 b5 52. cxb5+ Kxb5 53. Bc3 Kc4 54. Be1 Kb5 55. Bc3 Kc4 56. Be1 Kb5 1/2-1/2

[Event "GER-ch Net qual2 U18"]
[Site "Playchess.com INT"]
[Date "2012.09.05"]
[Round "7"]
[White "Hahn, Markus"]
[Black "Kreyssig, Robert"]
[Result "1-0"]
[WhiteElo "2134"]
[BlackElo "1894"]
[PlyCount "107"]
[EventDate "2012.09.05"]
[EventType "swiss (blitz)"]
[EventRounds "7"]
[EventCountry "GER"]
[SourceTitle "CBM 150 Extra"]
[Source "ChessBase"]
[SourceDate "2012.10.19"]
[SourceVersion "1"]
[SourceVersionDate "2012.10.19"]
[SourceQuality "1"]

1. d4 Nf6 2. c4 e6 3. g3 d5 4. Nf3 c6 5. Bg2 Bb4+ 6. Bd2 Be7 7. 0-0 Nbd7 8. Qc2 0-0 9. Bf4 Nh5 10. Bc1 b6 11. Rd1 Bb7 12. Nc3 dxc4 13. Nd2 Qb8 14. Nxc4 c5 15. d5 exd5 16. Nxd5 Bxd5 17. Bxd5 Nhf6 18. Bxa8 Qxa8 19. Bg5 Qc6 20. Qf5 Re8 21. Rd3 h6 22. Bxf6 Nxf6 23. Rad1 Bf8 24. Re3 Rxe3 25. Nxe3 g6 26. Qf3 Qxf3 27. exf3 Kg7 28. Nd5 c4 29. Ne3 b5 30. Rd8 Bc5 31. Rc8 Bxe3 32. fxe3 Nd5 33. Kf2 Nb4 34. a4 Nd3+ 35. Ke2 bxa4 36. Rxc4 Nxb2 37. Rc7 a3 38. Rxa7 Nc4 39. f4 h5 40. Kd3 Nd6 41. Rxa3 Nf5 42. Ra7 Kf6 43. e4 Ng7 44. e5+ Ke6 45. Ke4 Nf5 46. Ra6+ Ke7 47. Ra3 Ke6 48. h3 Ke7 49. g4 hxg4 50. hxg4 Ng7 51. Ra7+ Ke6 52. f5+ gxf5+ 53. gxf5+ Nxf5 54. Ra6+ 1-0

[Event "GER-ch Net qual2 U18"]
[Site "Playchess.com INT"]
[Date "2012.09.05"]
[Round "2"]
[White "Kreyssig, Robert"]
[Black "Cremer, Jan Paul"]
[Result "1-0"]
[WhiteElo "1894"]
[BlackElo "2248"]
[PlyCount "109"]
[EventDate "2012.09.05"]
[EventType "swiss (blitz)"]
[EventRounds "7"]
[EventCountry "GER"]
[SourceTitle "CBM 150 Extra"]
[Source "ChessBase"]
[SourceDate "2012.10.19"]
[SourceVersion "1"]
[SourceVersionDate "2012.10.19"]
[SourceQuality "1"]

1. d4 b6 2. c4 Bb7 3. Nc3 Nf6 4. Nf3 e6 5. a3 d5 6. cxd5 Nxd5 7. Qc2 Be7 8. e4 Nxc3 9. bxc3 c5 10. Bd3 Nc6 11. Be3 Rc8 12. Qe2 0-0 13. 0-0 Qd7 14. Rfd1 Rfd8 15. Ba6 Bxa6 16. Qxa6 Nb8 17. Qe2 c4 18. Bg5 f6 19. Bf4 Qa4 20. e5 f5 21. Ng5 Bxg5 22. Bxg5 Rd5 23. Qf3 Nd7 24. Rdb1 a5 25. Qg3 Kf7 26. h4 Qc6 27. h5 Nf8 28. h6 g6 29. Bf6 Nd7 30. Qg5 Rb5 31. Bd8 Rxd8 32. Qxd8 Rd5 33. Qh8 Nf8 34. Qg7+ Ke8 35. Rb2 Rd7 36. Qf6 Rf7 37. Qg5 Rb7 38. Rab1 b5 39. a4 b4 40. cxb4 c3 41. b5 Qe4 42. Rb3 c2 43. Rc1 Qxd4 44. Qe3 Qd1+ 45. Kh2 Qh5+ 46. Kg1 Qd1+ 47. Qe1 Qd5 48. Rc3 Nd7 49. R3xc2 Nxe5 50. Rc8+ Kf7 51. R1c7+ Rxc7 52. Rxc7+ Kf6 53. Rxh7 Nd3 54. Qc3+ e5 55. Qc6+ 1-0